| 000 | 00450nam a2200181Ia 4500 | ||
|---|---|---|---|
| 008 | 230711s9999||||xx |||||||||||||| ||und|| | ||
| 020 | _a978-81-224-4344-8 | ||
| 041 | _aENG | ||
| 082 |
_a515.42 _bJA-L |
||
| 100 | _aJain, P K | ||
| 245 | 0 | _aLebesgue Measure and Intergration | |
| 250 | _a3rd Ed. | ||
| 260 |
_c2019 _aNew Delhi _bNew Age International Publishers |
||
| 300 | _a324p. | ||
| 650 | _aMathematics | ||
| 700 | _aGupta,V.P | ||
| 942 | _cBK | ||
| 999 |
_c6984 _d6984 |
||